LEADER 02573nam 2200601 450 001 9910823497503321 005 20200520144314.0 010 $a0-19-064388-9 010 $a0-19-020476-1 010 $a0-19-020475-3 035 $a(CKB)3710000000583623 035 $a(EBL)4413898 035 $a(SSID)ssj0001604657 035 $a(PQKBManifestationID)16309746 035 $a(PQKBTitleCode)TC0001604657 035 $a(PQKBWorkID)13323580 035 $a(PQKB)11119132 035 $a(StDuBDS)EDZ0001372221 035 $a(Au-PeEL)EBL4413898 035 $a(CaPaEBR)ebr11215069 035 $a(CaONFJC)MIL892879 035 $a(OCoLC)936331758 035 $a(MiAaPQ)EBC4413898 035 $a(EXLCZ)993710000000583623 100 $a20160620h20162016 uy 0 101 0 $aeng 135 $aur|n|---||||| 181 $ctxt 182 $cc 183 $acr 200 00$aAdvanced practice palliative nursing /$fedited by Constance Dahlin, Patrick J. Coyne, Betty R. Ferrell 210 1$aNew York, New York :$cOxford University Press,$d2016. 210 4$d©2016 215 $a1 online resource (649 p.) 300 $aDescription based upon print version of record. 311 $a0-19-020474-5 320 $aIncludes bibliographical references at the end of each chapters and index. 327 $a12 The Advanced Practice Registered Nurse in Outpatient Palliative Cancer Care13 The Advanced Practice Registered Nurse in the Palliative Care Clinic; 14 The Advanced Practice Registered Nurse in Primary Care; 15 The Advanced Practice Registered Nurse in the Geriatric Outpatient Setting; 16 The Palliative Advanced Practice Registered Nurse in the Specialty Outpatient Setting; SECTION C The Palliative Advanced Practice Registered Nurse in the Community; 17 The Palliative Advanced Practice Registered Nurse Within a Hospice Organization; 18 The Advanced Practice Registered Nurse in Hospice 327 $a41 Communication at the Time of Death 330 8 $aThis is a comprehensive resource that addresses all aspects of palliative care, providing advanced practice content and practical reference for clinical practice across all settings. 606 $aPalliative treatment 615 0$aPalliative treatment. 676 $a616.029 702 $aDahlin$b Constance 702 $aCoyne$b Patrick J.$f1957- 702 $aFerrell$b Betty R. 801 0$bMiAaPQ 801 1$bMiAaPQ 801 2$bMiAaPQ 906 $aBOOK 912 $a9910823497503321 996 $aAdvanced practice palliative nursing$93964827 997 $aUNINA LEADER 01480nas 22004574a 450 001 996207142403316 005 20240413013259.0 035 $a(OCoLC)1083314159 035 $a(CKB)1000000000247325 035 $a(CONSER)cn2006702884 035 $a(EXLCZ)991000000000247325 100 $a20060519a20059999 sa- a 101 0 $aeng 135 $aurcn|||||| 181 $ctxt$2rdacontent 182 $cc$2rdamedia 183 $acr$2rdacarrier 200 00$aHousing market outlook$iCanada 210 $a[Ottawa] $cCanada Mortgage and Housing Corporation$d[2005]- 300 $aTitle from caption (viewed on May 19, 2006). 300 $aPublisher's website: http://www.cmhc-schl.gc.ca. 300 $aDistributed by the Government of Canada Depository Services Program. 311 $a1719-9123 606 $aHousing$zCanada$vStatistics$vPeriodicals 606 $aLogement$zCanada$vStatistiques$vPériodiques 606 $aHousing$2fast$3(OCoLC)fst00962245 607 $aCanada$2fast$1https://id.oclc.org/worldcat/entity/E39PBJkMHVW4rfVXPrhVP4VwG3 608 $aPeriodicals.$2fast 608 $aStatistics.$2fast 615 0$aHousing 615 6$aLogement 615 7$aHousing. 676 $a333.33 686 $acci1icc$2lacc 686 $acoll14$2lacc 686 $acoll20$2lacc 712 02$aCanada Mortgage and Housing Corporation. 906 $aJOURNAL 912 $a996207142403316 996 $aHousing market outlook$92574312 997 $aUNISA